Návrh filmového štúdia a centra z hľadiska architektonického konceptu so zameraním na urbanistické a prevádzkové zásady /

Gespeichert in:
Bibliographische Detailangaben
1. Verfasser: Štempák, Štefan (Verfasst von)
Format: Manuskript Buch
Sprache:Slowakisch
Veröffentlicht: Bratislava : Stavoprojekt Bratislava, december 1974
Schlagworte:
Tags: Tag hinzufügen
Keine Tags, Fügen Sie das erste Tag hinzu!

MARC

LEADER 00000ntm a22000003a 4500
001 0112418
003 SK-STU
005 20241119122623.3
007 ta
008 241119s2024----xo-----f-mn---000-0-slo-d
040 |a STU  |b slo 
041 0 |a slo 
044 |a xo  |c SK 
100 1 |a Štempák, Štefan  |4 aut 
245 1 0 |a Návrh filmového štúdia a centra z hľadiska architektonického konceptu so zameraním na urbanistické a prevádzkové zásady /  |c aut. Štefan Štempák 
260 |a Bratislava :  |b Stavoprojekt Bratislava,  |c december 1974 
300 |a 199 s.;  |b 83 obr. príl. 
650 0 7 |a filmové štúdio 
650 0 7 |a Európa 
650 0 7 |a Slovensko 
650 0 7 |a Filmové štúdio Koliba 
650 0 7 |a architektonický návrh 
650 0 7 |a exteriér 
650 0 7 |a interiér 
996 |b 284AU10036  |c A* 23/V  |l AAKNST  |s P  |a 0  |w 0112418_0001